Normal view MARC view
  • Lembaga Pertubuhan Peladang

Entry Corporate Name

Number of records used in: 1

001 - CONTROL NUMBER

  • control field: 203

003 - CONTROL NUMBER IDENTIFIER

  • control field: OSt

005 - DATE AND TIME OF LATEST TRANSACTION

  • control field: 20170413151802.0

008 - FIXED-LENGTH DATA ELEMENTS

  • fixed length control field: 170413|| aca||aabn | a|a d

040 ## - CATALOGING SOURCE

  • Original cataloging agency: OSt
  • Transcribing agency: OSt

110 ## - HEADING--CORPORATE NAME

  • Corporate name or jurisdiction name as entry element: Lembaga Pertubuhan Peladang

670 ## - SOURCE DATA FOUND

  • Source citation: Work cat.: (OSt)0: Mahathir Mohamad, Tun, 1925- 41, Memerangi kemiskinan :, 1994
Pusat Sumber Maklumat Dato' Haji Sarmin Md Hussin, Akademi Kastam Diraja Malaysia, Melaka
Tel: 06-2331106 | Faks: 06-2313787